Advanced Calculus (Record no. 478340)

000 -LEADER
fixed length control field 00479nam a22001697a 4500
003 - CONTROL NUMBER IDENTIFIER
control field NUST
005 - DATE AND TIME OF LATEST TRANSACTION
control field 20180522054900.0
008 - FIXED-LENGTH DATA ELEMENTS--GENERAL INFORMATION
fixed length control field 180522b ||||| |||| 00| 0 eng d
020 ## - INTERNATIONAL STANDARD BOOK NUMBER
International Standard Book Number 9780071321266
082 ## - DEWEY DECIMAL CLASSIFICATION NUMBER
Classification number 515
100 ## - MAIN ENTRY--PERSONAL NAME
Personal name Robert Wrede, Ph.D.
9 (RLIN) 10432
245 ## - TITLE STATEMENT
Title Advanced Calculus
Remainder of title Schaum's Outlines
Statement of responsibility, etc. Robert Wrede, Ph.D.
250 ## - EDITION STATEMENT
Edition statement 3rd ed.
260 ## - PUBLICATION, DISTRIBUTION, ETC.
Place of publication, distribution, etc. New Delhi
Name of publisher, distributor, etc. Tata McGraw Hill Education Private Limited
Date of publication, distribution, etc. 2010
300 ## - PHYSICAL DESCRIPTION
Extent 445 p.
Other physical details Pb.
942 ## - ADDED ENTRY ELEMENTS (KOHA)
Source of classification or shelving scheme
Koha item type Book
Holdings
Withdrawn status Lost status Source of classification or shelving scheme Damaged status Not for loan Permanent Location Current Location Date acquired Total Checkouts Full call number Barcode Date last seen Date last checked out Price effective from Koha item type
          School of Natural Sciences (SNS) School of Natural Sciences (SNS) 05/22/2018 2 515 SNS0002434 01/02/2024 12/05/2023 05/22/2018 Book
© 2023 Central Library, National University of Sciences and Technology. All Rights Reserved.